Проблемы формирования профессиональных компетенций инженеров-экологов; Интеллектуальные энергосистемы; Т. 3

Մատենագիտական մանրամասներ
Parent link:Интеллектуальные энергосистемы: труды IV Международного молодёжного форума, 10-14 октября 2016 г., г. Томск/ Национальный исследовательский Томский политехнический университет (ТПУ), Энергетический институт (ЭНИН).— , 2016
Т. 3.— 2016.— [С. 277-281]
Հիմնական հեղինակ: Джабиев М. Т.
Համատեղ հեղինակ: Национальный исследовательский Томский политехнический университет (ТПУ) Институт социально-гуманитарных технологий (ИСГТ) Кафедра истории и философии науки и техники (ИФНТ)
Այլ հեղինակներ: Чмыхало А. Ю. Александр Юрьевич (научный руководитель)
Ամփոփում:Заглавие с титульного экрана
Լեզու:ռուսերեն
Հրապարակվել է: 2016
Շարք:Методология формирования и оценки компетенций в подготовке инженеров в области Smart Systems
Խորագրեր:
Առցանց հասանելիություն:http://earchive.tpu.ru/handle/11683/36287
Ձևաչափ: MixedMaterials Էլեկտրոնային Գրքի գլուխ
KOHA link:https://koha.lib.tpu.ru/cgi-bin/koha/opac-detail.pl?biblionumber=621750

MARC

LEADER 00000naa2a2200000 4500
001 621750
005 20231101133158.0
035 |a (RuTPU)RU\TPU\conf\20366 
035 |a RU\TPU\conf\20365 
090 |a 621750 
100 |a 20170118d2016 k y0rusy50 ca 
101 0 |a rus 
102 |a RU 
105 |a y z 101zy 
135 |a drgn ---uucaa 
181 0 |a i  
182 0 |a b 
200 1 |a Проблемы формирования профессиональных компетенций инженеров-экологов  |f М. Т. Джабиев  |g науч. рук. А. Ю. Чмыхало 
203 |a Текст  |c электронный 
225 1 |a Методология формирования и оценки компетенций в подготовке инженеров в области Smart Systems 
230 |a 1 компьютерный файл (pdf; 220 Kb) 
300 |a Заглавие с титульного экрана 
320 |a [Библиогр.: с. 281 (5 назв.)] 
461 1 |0 (RuTPU)RU\TPU\conf\20053  |t Интеллектуальные энергосистемы  |o труды IV Международного молодёжного форума, 10-14 октября 2016 г., г. Томск  |o в 3 т.  |f Национальный исследовательский Томский политехнический университет (ТПУ), Энергетический институт (ЭНИН)  |d 2016 
463 1 |0 (RuTPU)RU\TPU\conf\20056  |t Т. 3  |v [С. 277-281]  |d 2016 
610 1 |a труды учёных ТПУ 
610 1 |a электронный ресурс 
610 1 |a профессиональные компетенции 
610 1 |a инженеры-экологи 
610 1 |a образовательные программы 
610 1 |a профессиональные компетенции 
610 1 |a междисциплинарный подход 
700 1 |a Джабиев  |b М. Т. 
702 1 |a Чмыхало  |b А. Ю.  |c философ  |c доцент Томского политехнического университета, кандидат философских наук  |f 1973-  |g Александр Юрьевич  |2 stltpush  |4 727 
712 0 2 |a Национальный исследовательский Томский политехнический университет (ТПУ)  |b Институт социально-гуманитарных технологий (ИСГТ)  |b Кафедра истории и философии науки и техники (ИФНТ)  |h 7618  |2 stltpush  |3 (RuTPU)RU\TPU\col\21252 
801 2 |a RU  |b 63413507  |c 20170124  |g RCR 
856 4 |u http://earchive.tpu.ru/handle/11683/36287 
942 |c BK